Normal view MARC view
  • Discriminación racial

Entry Materia

Number of records used in: 42

001 - NÚMERO DE CONTROL DEL REGISTRO

  • campo de control: 4625

003 - IDENTIFICADOR DE NUMERO DE CONTROL

  • campo de control: UPN

005 - FECHA Y HORA DE LA ÚLTIMA TRANSACCIÓN

  • campo de control: 20230222180413.0

008 - DATOS DE LONGITUD FIJA

  • campo de control de longitud fija: 230222n| anznnbabn a ana |d

035 ## - NÚMERO DE CONTROL DEL SISTEMA

  • Número de control del sistema: UPN10000004625

040 ## - FUENTE DE LA CATALOGACIÓN

  • Lengua de catalogación: spa
  • Centro catalogador de origen: MX-MxUPN

046 ## - FECHAS CON CODIFICACIÓN ESPECIAL

  • Fecha final para contenidos agregados: 2023

053 #4 - NÚMERO CLASIFICADOR - BIBLIOTECA DEL CONGRESO (LC)

  • Elemento numérico de la clasificación - Número único o no. inicial del rango: HT1521

150 ## - ENCABEZAMIENTO - TEMÁTICO

  • Término de materia o nombre geográfico como elemento inicial: Discriminación racial

450 ## - VÉASE - MATERIA

  • Encabezamiento temático: Racismo

670 ## - FUENTE EN LA QUE SE LOCALIZARON DATOS

  • Cita de la fuente: Escamilla González, G. Lista de encabezamientos de materia, 1978:
  • Información localizada: página 268 (Discriminación racial)

902 ## - CATALOGADOR

  • Catalogador: MCM/140806